Koncerty na univerzitnej pôde majú svoje opodstatnenie

Podrobná bibliografia
Hlavný autor: Kočišová, Renáta (Autor)
Médium: Článok
Jazyk:slovenčina
Predmet:

MARC

LEADER 00000nab a2200000 a 4500
001 vtls008963402
003 SK-MaSNL
005 20260303070748.0
008 070412c200701 xo r p 000 00slo
038 |a SVKPOCL 
040 |a SVKPOCL  |b slo  |c AACR2  |e AACR2 
041 |a slo 
044 |a xo  |c SK 
080 |a 78.082.4  |2 2001 
100 1 |a Kočišová, Renáta  |4 aut  |9 428702 
245 1 0 |a Koncerty na univerzitnej pôde majú svoje opodstatnenie  |c Renáta Kočišová 
611 2 7 |a Akademické komorné koncerty  |n (3. :  |d 2006 :  |c Prešov, Slovensko)  |2 svkpocl  |9 1068628 
650 0 7 |a koncerty  |2 svkpocl  |9 19182 
651 7 |a Prešov (Slovensko)  |2 svkpocl  |9 17347 
773 0 |t Prešovská univerzita  |g Roč. XI, č. 1 (2007), s. 21 
852 |a SVKPO  |b KIS3GCP 
958 |a RG 
999 |c 1756812  |d 1758742